Central Library OPAC University of Rajshahi

Introductory Raman spectroscopy / (Record no. 9435)

MARC details
000 -LEADER
fixed length control field 01116cam a22003134a 4500
001 - CONTROL NUMBER
control field 9435
003 - CONTROL NUMBER IDENTIFIER
rucl marc code BD-RjUL
005 - DATE AND TIME OF LATEST TRANSACTION
control field 20211208234758.0
008 - FIXED-LENGTH DATA ELEMENTS--GENERAL INFORMATION
fixed length control field 020104s2003 ne a b 001 0 eng
020 ## - INTERNATIONAL STANDARD BOOK NUMBER
International Standard Book Number 0122541057
035 ## - SYSTEM CONTROL NUMBER
System control number (DLC) 2002100071
-- (BD-RjUL)9480
040 ## - CATALOGING SOURCE
Original cataloging agency DLC
Transcribing agency DLC
Modifying agency DLC
-- BD-RjUL
Language of cataloging eng
041 ## - LANGUAGE CODE
Language code of text/sound track or separate title eng
082 00 - DEWEY DECIMAL CLASSIFICATION NUMBER
Classification number 535.846
Edition number 22
Author mark and year FEI 2005
100 1# - MAIN ENTRY--PERSONAL NAME
Personal name Ferraro, John R.,
Dates associated with a name 1918-
9 (RLIN) 29240
245 10 - TITLE STATEMENT
Title Introductory Raman spectroscopy /
Statement of responsibility, etc. John R. Ferraro, Kazua Nakamoto, Chris W. Brown.
250 ## - EDITION STATEMENT
Edition statement 2nd ed.
260 ## - PUBLICATION, DISTRIBUTION, ETC. (IMPRINT)
Place of publication, distribution, etc. Amsterdam ;
-- Boston :
Name of publisher, distributor, etc. Academic Press,
Date of publication, distribution, etc. c2003 [Printed 2005].
300 ## - PHYSICAL DESCRIPTION
Pagination xiii, 434 p. :
Illustrations ill. ;
Size 24 cm.
504 ## - BIBLIOGRAPHY, ETC. NOTE
Bibliography, etc Includes bibliographical references and index.
650 #0 - SUBJECT ADDED ENTRY--TOPICAL TERM
Topical term or geographic name as entry element Raman spectroscopy.
9 (RLIN) 28805
700 1# - ADDED ENTRY--PERSONAL NAME
Personal name Nakamoto, Kazuo,
Dates associated with a name 1922-
Personal name Brown, Chris W.
856 41 - ELECTRONIC LOCATION AND ACCESS
Materials specified Table of contents
Uniform Resource Identifier <a href="http://www.loc.gov/catdir/toc/els051/2002100071.html">http://www.loc.gov/catdir/toc/els051/2002100071.html</a>
Materials specified Publisher description
Uniform Resource Identifier <a href="http://www.loc.gov/catdir/description/els031/2002100071.html">http://www.loc.gov/catdir/description/els031/2002100071.html</a>
942 ## - ADDED ENTRY ELEMENTS (KOHA)
Source of classification or shelving scheme Dewey Decimal Classification
Koha item type Books
Holdings
Lost status Source of classification or shelving scheme Damaged status Not for loan Collection code Permanent Location Current Location Shelving location Date acquired Source of acquisition Cost, normal purchase price Total Checkouts Full call number Date last seen Copy number Koha item type
  Dewey Decimal Classification     Non-fiction Central Library, University of Rajshahi Central Library, University of Rajshahi   12/05/2008 Paragon,Dhaka 395.00   535.846 FEI 2005 21/01/2014 C-4 Books
  Dewey Decimal Classification     Non-fiction Central Library, University of Rajshahi Central Library, University of Rajshahi   27/05/2008 kastway book. 790.00   535.846 FEI 2005 22/01/2014 C-6 Books
  Dewey Decimal Classification     Non-fiction Central Library, University of Rajshahi Central Library, University of Rajshahi   15/11/2007 Paragon Ent. 770.00   535.846 FEI 2005 02/03/2014 C-3 Books
  Dewey Decimal Classification     Non-fiction Central Library, University of Rajshahi Central Library, University of Rajshahi   06/08/2006 Paragon Enterprises Dhaka 295.00   535.846 FEI 2005 05/10/2016 C-2 Books
  Dewey Decimal Classification   Not For Loan Non-fiction Central Library, University of Rajshahi Central Library, University of Rajshahi Reading Room 06/08/2006 Dhaka, Paragon Enterprises Ltd. 295.00   535.846 FEI 2005 17/04/2017 C-1 Books
  Dewey Decimal Classification     Non-fiction Central Library, University of Rajshahi Central Library, University of Rajshahi   12/05/2008 Paragon Enterprise ltd., Dhaka 395.00   535.846 FEI 2005 13/05/2017 C-5 Books